000 00601nam a2200229Ia 4500
003 OSt
005 20220928103436.0
006 a|||||r|||| 00| 0
007 ta
008 220927b |||||||| |||| 00| 0 eng d
024 _a49156
037 _cTextual
040 _aSDCL
_cSDCL
_beng
041 _2eng
_aeng
082 _aO152,1N7:g, L52
100 _aChaturvedi Jagdish
_9404054
245 0 _aAadhunik Hindi kavita.
260 _aDelhi
_bMekmilan
_c1975
300 _a215p.
_ccm.
942 _hO152,1N7:g, L52
_cTEXL
_2CC
999 _c719809
_d719809